Iparjogi Szemle. - 33.évf. (1938) 1.sz.
Elmentve itt :
| Dokumentumtípus: | Folyóirat |
|---|---|
| Megjelent: |
1938
|
| Sorozat: | Iparjogi Szemle : az Iparjogvédelmi Egyesület közlönye
33 No. 1 |
| Online Access: | http://misc.bibl.u-szeged.hu/48917 |
| LEADER | 00496nas a2200133 i 4500 | ||
|---|---|---|---|
| 001 | misc48917 | ||
| 005 | 20200414115525.0 | ||
| 008 | 200414s1938 hu o 0|| zxx d | ||
| 040 | |a SZTE Miscellanea Repozitórium |b hun | ||
| 041 | |a zxx | ||
| 245 | 0 | 0 | |a Iparjogi Szemle. - 33.évf. (1938) 1.sz. |h [elektronikus dokumentum] |
| 260 | |c 1938 | ||
| 490 | 0 | |a Iparjogi Szemle : az Iparjogvédelmi Egyesület közlönye |v 33 No. 1 | |
| 856 | 4 | 0 | |u http://misc.bibl.u-szeged.hu/48917/1/iparjogi_szemle_1938_001.pdf |z Dokumentum-elérés |